Tvorba cien nových výrobkov záverečná práca postgraduálneho štúdia

Enregistré dans:
Détails bibliographiques
Auteur principal: Sliacky, Imrich
Collectivité auteur: Vysoká škola ekonomická v Bratislave
Autres auteurs: Kupkovič, Milan
Format: Livre
Langue:slovaque
Publié: Bratislava 1988
Tags: Ajouter un tag
Pas de tags, Soyez le premier à ajouter un tag!

MARC

LEADER 00000nam a2200000 4500
001 c036568
005 20260108081412.9
041 0 |a slo 
044 |a SK 
245 1 0 |a Tvorba cien nových výrobkov  |b záverečná práca postgraduálneho štúdia  |c Imrich Sliacky ; Ved. práce Milan Kupkovič 
264 1 |a Bratislava  |c 1988 
300 |a 48 s. 
100 1 |a Sliacky, Imrich 
700 1 |a Kupkovič, Milan 
710 2 |a Vysoká škola ekonomická v Bratislave